| 000 | 00770cam a2200229 a 4500 | ||
|---|---|---|---|
| 001 | 12290348 | ||
| 005 | 20260415135358.0 | ||
| 008 | 010126s2002 maua b 001 0 eng | ||
| 020 |
_a0072394668 _qalk. paper |
||
| 020 |
_a0072480165 _qCD-ROM |
||
| 020 |
_a9780072394665 _q(alk. paper) |
||
| 020 |
_a9780072480160 _q(CD-ROM) |
||
| 050 | 0 | 0 |
_aHF5657.4 _b.H55 2002 |
| 082 | 0 | 0 |
_a658.15/11 _221 |
| 100 | 1 | _aHilton, Ronald W. | |
| 245 | 1 | 0 |
_aManagerial accounting : _bcreating value in a dynamic business environment / _cRonald W. Hilton. |
| 250 | _a5th ed. | ||
| 260 |
_aBoston : _bMcGraw-Hill/Irwin, _cc2002. |
||
| 300 |
_axxxii, 858 p. : _bcol. ill. ; _c29 cm. + _e1 computer optical disc (4 3/4 in.) |
||
| 650 | 0 | _aManagerial accounting. | |
| 942 |
_2lcc _cBK _e5th ed. _n0 |
||
| 999 |
_c9216 _d9216 |
||